000
00305nam a22001337a 4500
008
181030b xxu||||| |||| 00| 0 eng d
020
_a
0815188900
041
_a
eng
080
_a
616
100
_a
9
101
_a
PAT
245
_a
Cytopatology Female Tract Neoplanism
_c
Dueller.l.d
942
_2
udc
_c
BK
999
_c
51074
_d
51074